Del sentimiento trágico de la vida
Shranjeno v:
| Glavni avtor: | |
|---|---|
| Format: | Knjiga |
| Jezik: | španščina |
| Izdano: |
Madrid
Renacimiento
1912
|
| Teme: | |
| Oznake: |
Označite
Brez oznak, prvi označite!
|
MARC
| LEADER | 00000nam a2200000 a 4500 | ||
|---|---|---|---|
| 001 | UCZ2636 | ||
| 003 | CL-VaPUC | ||
| 008 | 951005e19120000SP |||||||||||||||||spa|d | ||
| 082 | 0 | 4 | |a 864 |b UNA |2 21 |
| 100 | 0 | |a Unamuno, Miguel de |e author |9 312478 | |
| 245 | 1 | 0 | |a Del sentimiento trágico de la vida |
| 300 | |a 320 p | ||
| 942 | |c BK | ||
| 945 | |d 19951005 00:00:00 |a cmena | ||
| 260 | |a Madrid |b Renacimiento |c 1912 | ||
| 650 | 0 | |a Individualismo |9 313336 | |
| 650 | 0 | |a Filosofía española |9 254895 | |
| 650 | 7 | |a INMORTALIDAD |2 CL-VaPUC |9 320467 | |
| 650 | 0 | |a Pesimismo |9 322258 | |
| 650 | 0 | |a Religión |9 255164 | |
| 650 | 0 | |a Humanismo |9 256530 | |
| 650 | 7 | |a HOMBRE |2 CL-VaPUC |9 262149 | |
| 583 | |a last modification |c 19951005 00:00:00 |k Rodrigo Vera | ||
| 999 | |c 239201 |d 239199 | ||
| 952 | |0 0 |1 0 |4 0 |6 864_000000000000000_UNA_1912 |7 0 |8 P |9 250108 |a BIBEDU |b BIBEDU |c BIBEDU_PB |d 2019-11-18 |i 1569147 |o 864 UNA 1912 |p 1569147 |r 2024-01-25 |w 2019-11-18 |y BK |k FIL | ||